Countries in Europe - Statistics

General Stats
  • This quiz has been taken 49 times
  • The average score is 40 of 45
Answers on the Map
Answers color-coded by a green-red scale on the quiz's map according to % correct below.
 
Answer Stats
Answer % Correct
France
100%
Germany
100%
Italy
100%
Spain
100%
Sweden
100%
United Kingdom
100%
Albania
97%
Ireland
97%
Norway
97%
Poland
97%
Portugal
97%
Russia
97%
Ukraine
97%
Austria
94%
Belgium
94%
Finland
94%
Greece
94%
Iceland
94%
Lithuania
94%
Andorra
90%
Croatia
90%
Denmark
90%
Latvia
90%
Slovakia
90%
Vatican City
90%
Czech Republic
87%
Hungary
87%
Malta
87%
Netherlands
87%
Switzerland
87%
Estonia
84%
Kosovo
84%
Monaco
84%
North Macedonia
84%
Romania
84%
San Marino
84%
Slovenia
84%
Belarus
81%
Liechtenstein
81%
Luxembourg
81%
Bosnia and Herzegovina
77%
Serbia
77%
Montenegro
74%
Bulgaria
71%
Moldova
65%
No matching quizzes found
Score Distribution
Percent of People with Each Score
Percentile by Number Answered
Your Score History
You have not taken this quiz